[Event "Perth Metro CC-chC+"]
[Site "Perth"]
[Date "2006.02.23"]
[Round "4"]
[White "McLean, D."]
[Black "Keshwar, A."]
[Result "1-0"]
[WhiteElo "1459"]
[BlackElo "1270"]
[PlyCount "61"]
[EventDate "2006.02.02"]
[EventType "tourn"]
[EventRounds "11"]
[EventCountry "AUS"]
[SourceTitle "EXT 2010"]
[Source "ChessBase"]
[SourceDate "2010.11.25"]
[SourceVersion "1"]
[SourceVersionDate "2010.11.25"]
[SourceQuality "1"]

1. e4 c5 2. c3 Nf6 3. e5 Nd5 4. Qb3 Nb6 5. Nf3 d6 6. d4 Be6 7. c4 cxd4 8. Nxd4 Bd7 9. exd6 exd6 10. Nc3 Be7 11. Bd3 Nc6 12. Nf3 0-0 13. 0-0 Bf6 14. Ne4 Be5 15. Be3 Be6 16. Neg5 h6 17. Nxe6 fxe6 18. a4 Rxf3 19. gxf3 Qh4 20. Rfd1 Qxh2+ 21. Kf1 Rf8 22. Be4 d5 23. cxd5 Nxd5 24. Bxd5 exd5 25. Qxd5+ Kh8 26. Rab1 Rf6 27. Ke2 Rg6 28. b4 a6 29. b5 axb5 30. axb5 Na5 31. Qd8+ 1-0

[Event "Perth Respini-D"]
[Site "Perth"]
[Date "2005.11.10"]
[Round "9"]
[White "Keshwar, A."]
[Black "Sainsbury, Gerard"]
[Result "0-1"]
[WhiteElo "1335"]
[BlackElo "1174"]
[PlyCount "52"]
[EventDate "2005.09.01"]
[EventType "tourn"]
[EventRounds "9"]
[EventCountry "AUS"]
[SourceTitle "EXT 2010"]
[Source "ChessBase"]
[SourceDate "2010.11.25"]
[SourceVersion "1"]
[SourceVersionDate "2010.11.25"]
[SourceQuality "1"]

1. e4 c5 2. Nf3 e6 3. d4 cxd4 4. Nxd4 Nf6 5. Nc3 a6 6. Bg5 Be7 7. Bc4 d6 8. Qe2 Nc6 9. Nf3 Qc7 10. 0-0 0-0 11. Rad1 b5 12. Bb3 Bb7 13. a3 Rac8 14. Qd2 Rfd8 15. Rfe1 Na5 16. Ba2 Nc4 17. Bxc4 Qxc4 18. Qe2 Qc5 19. Nd4 Qxg5 20. Rd3 Qh5 21. Qd2 Qc5 22. Rg3 g6 23. Ree3 Nh5 24. Rg4 b4 25. axb4 Qxb4 26. Rh3 Rc5 0-1

[Event "Perth Respini-D"]
[Site "Perth"]
[Date "2005.10.27"]
[Round "8"]
[White "Wong, Gabriel"]
[Black "Keshwar, A."]
[Result "1/2-1/2"]
[WhiteElo "1184"]
[BlackElo "1335"]
[PlyCount "106"]
[EventDate "2005.09.01"]
[EventType "tourn"]
[EventRounds "9"]
[EventCountry "AUS"]
[SourceTitle "EXT 2010"]
[Source "ChessBase"]
[SourceDate "2010.11.25"]
[SourceVersion "1"]
[SourceVersionDate "2010.11.25"]
[SourceQuality "1"]

1. e4 c5 2. Nf3 d6 3. d4 cxd4 4. Nxd4 Nf6 5. Nc3 g6 6. Bc4 Bg7 7. Be3 Nc6 8. 0-0 0-0 9. Qd2 Bd7 10. Rad1 Rc8 11. Bb3 Ne5 12. h3 Nc4 13. Bxc4 Rxc4 14. Bh6 Rxd4 15. Qxd4 Bxh6 16. Qxa7 Qc7 17. Qd4 Bg7 18. Qd3 Be6 19. Nd5 Nxd5 20. exd5 Bf5 21. Qb5 Ra8 22. a4 Bd7 23. Qe2 Bxa4 24. b3 Be8 25. Rfe1 Bf6 26. Kh1 Qb6 27. Rd3 Qb4 28. Qe3 Bg5 29. Qe2 Bb5 30. c4 Bd7 31. g4 b5 32. Qd1 bxc4 33. bxc4 Qxc4 34. Qb3 Qxb3 35. Rxb3 Bh4 36. Re2 Kg7 37. Rb7 Ra1+ 38. Kg2 Ba4 39. Ra7 Bb5 40. Rxa1 Bxe2 41. Ra2 Bc4 42. Rd2 Kf6 43. f4 g5 44. f5 Ke5 45. Kf3 Bxd5+ 46. Ke3 Bc6 47. Rc2 Bb5 48. Rc1 d5 49. Rd1 Bg3 50. Kf3 Bf4 51. Re1+ Kd6 52. Rd1 d4 53. Rxd4+ Ke5 1/2-1/2

[Event "Perth Respini-D"]
[Site "Perth"]
[Date "2005.09.01"]
[Round "1"]
[White "Benken, Dieter"]
[Black "Keshwar, A."]
[Result "1-0"]
[WhiteElo "1298"]
[BlackElo "1335"]
[PlyCount "63"]
[EventDate "2005.09.01"]
[EventType "tourn"]
[EventRounds "9"]
[EventCountry "AUS"]
[SourceTitle "EXT 2010"]
[Source "ChessBase"]
[SourceDate "2010.11.25"]
[SourceVersion "1"]
[SourceVersionDate "2010.11.25"]
[SourceQuality "1"]

1. e4 c5 2. c3 Nf6 3. e5 Nd5 4. Nf3 Nc6 5. Bc4 Nb6 6. Bb3 d6 7. exd6 exd6 8. h3 Be7 9. d4 cxd4 10. Nxd4 0-0 11. Be3 Re8 12. 0-0 Bd7 13. Nd2 Ne5 14. Re1 Rc8 15. Nf1 Nbc4 16. Qe2 d5 17. Rad1 Bc6 18. Qc2 a6 19. Bc1 Qc7 20. Qb1 Bd7 21. Ne3 Bc5 22. Nxd5 Qd6 23. Nf4 Qf6 24. Nd3 Nxd3 25. Qxd3 Ne5 26. Qg3 Nc6 27. Bg5 Qg6 28. Bc2 Qd6 29. Qxd6 Bxd6 30. Nf3 Rxe1+ 31. Nxe1 Re8 32. Nf3 1-0